| 000 | 00531nam a2200169 a 4500 | ||
|---|---|---|---|
| 001 | 000037055 | ||
| 005 | 20200930080119.0 | ||
| 008 | 120209s1970 sp 000 0 spa d | ||
| 040 |
_aDO-SdBNP _bspa _cBNPHU |
||
| 082 |
_axxxx _bxxxx |
||
| 100 | 1 |
_aFernández Almagro, Melchor _955794 |
|
| 245 | 1 | 0 |
_aHistoria política de la España contemporánea 1897-1902 / _cMelchor Fernández Almagro. |
| 250 | _a2a ed. | ||
| 260 |
_aMadrid, : _bAlianza, _c1970. |
||
| 300 |
_a348 p. ; _c18 cm. |
||
| 500 | _aIncluye notas al pie de las páginas | ||
| 999 |
_c36545 _d36545 |
||